| 000 | 00584nam a2200217 a 4500 | ||
|---|---|---|---|
| 001 | BRCA_6120 | ||
| 005 | 20190320205336.0 | ||
| 008 | 040711s1920----gw-#######---#000-0#ger-# | ||
| 041 | _ager | ||
| 044 | _agw | ||
| 050 | 4 |
_aPT2631 .O24 _b.G6 1920 |
|
| 100 | 1 |
_aPoeck, Wilhelm. _d1866- _915450 |
|
| 245 | 1 | 0 |
_aDie göttlichen Molli _cWilhelm Poeck. |
| 260 |
_aStuttgary, Alemania _bEngelhorns _c1920 |
||
| 300 |
_a283 p. _c17 cm. |
||
| 440 | 0 |
_aEngelhorns Roman - Bibliothek _v35-6/7 _915451 |
|
| 500 | _aK22 | ||
| 650 | 1 | 4 |
_aLiteratura Alemana _96160 |
| 902 | _aGFM | ||
| 942 |
_2lcc _cB |
||
| 999 |
_c5807 _d5807 |
||